000 00465nam a2200157 4500
001 137014
003 ES-MaACL
005 20230906195304.0
007 t|
008 070214s1956 sp r ||||1| cat d
100 1 _aSalarich Torrents, Miguel S.
_9101715
245 1 0 _aLlaors y Ofrenes
_b: (poesies) /
_cMiguel S. Salarich Torrents.
260 _aBarcelona :
_bSala de Vich,
_c1956.
300 _a98 p., 6 lám. ;
_c22 cm.
852 _aES-MaACL
_jC-12954
_bR.40607
999 _c137014
_d137014